00450naa#a2200169#i#4500001002200000005001700022011001400039100004100053101000800094102000700102200005200109210005100161215001000212608002700222700001700249856001400266EN\INFRA-M\bibl\1408320260511154841.1##a2308-4898##a20161219b2016####ek#y0engy0150####ca0#aRUS##aRU1#aEnvelope of a Family of CurveseJournal article1#aMoscowcINFRA-M Academic Publishing LLC.d2016##a4 с.##aJournal article2local#1aGirshgA. G.4#azh-szf.ru